Olivia Rodrigo song lyrics - No hints ! @4 - Statistics

General Stats
  • This quiz has been taken 89 times
  • The average score is 183 of 337
Answer Stats
Answer % Correct
I
100%
a
92%
You
85%
you
85%
the
83%
The
83%
go
81%
me
81%
your
77%
my
71%
My
71%
do
69%
and
67%
And
67%
I'm
67%
on
67%
In
65%
in
65%
it
63%
No
63%
Oh
62%
to
62%
all
60%
be
58%
But
58%
but
58%
every
56%
of
56%
now
54%
that
54%
can't
52%
there
52%
got
50%
I'd
48%
catch
46%
like
46%
place
46%
see
46%
think
46%
will
46%
would
46%
You'll
46%
face
44%
It's
44%
are
42%
ground
42%
here
42%
never
42%
side
42%
trees
42%
was
42%
way
42%
blood
40%
'cause
40%
everywhere
40%
There's
40%
us
40%
Yeah
40%
around
38%
breeze
38%
feel
38%
footsteps
38%
Ooh
38%
this
38%
thought
38%
Thought
38%
away
37%
don't
37%
head
37%
months
37%
mountain
37%
over
37%
pass
37%
than
37%
still
35%
with
35%
grass
33%
left
33%
room
33%
Bet
31%
bet
31%
coming
31%
dancing
31%
down
31%
end
31%
higher
31%
into
31%
made
31%
red
31%
something
31%
wash
31%
you'd
31%
brought
29%
city
29%
easy
29%
falling
29%
forget
29%
gone
29%
hopes
29%
new
29%
shade
29%
storm
29%
Through
29%
town
29%
turning
29%
it'd
27%
Shadows
27%
wall
27%
burn
25%
fire
25%
hall
25%
messes
25%
snow
25%
winter
23%
bitter
21%
figured
21%
wading
21%
writing
21%
expect
19%
fury
19%
taste
19%
founded
15%
sometimes
15%
No matching quizzes found
Score Distribution
Percent of People with Each Score
Percentile by Number Answered
Your Score History
You have not taken this quiz